000 01302nam a2200277 a 4500
003 CL-SaCFP
005 20260226165428.0
008 210316s2020 amcach b 000 0 spa
015 _acl-2020-xxxx
_2bcl
020 _a9789569977008
040 _cCL
043 _as-cl---
_as-bl---
_as-pe---
082 0 4 _a983.061 P276 2020
_221
100 1 _aParvex, Guillermo
245 1 0 _aServicio secreto chileno en la Guerra del Pacífico /
_cGuillermo Parvex.
250 _aSéptima edición: octubre de 2020.
260 _aSantiago de Chile :
_bPenguin Random House Grupo Editorial S.A.,
_c2020
_e(Santiago, Chile :
_fCyC Impresores Ltda.)
300 _a305 páginas :
_bilustraciones, retratos, facsímiles ;
_c23 cm.
504 _aBibliografía: páginas 301-303.
504 _aIncluye notas bibliográficas.
505 2 _aLa época de preguerra --
_tReformas con el inicio de hostilidades --
_tTras las líneas de los aliados --
_tAgentes y exploradores en Tarapacá --
_tOperaciones en el hemisferio norte --
_tHacia Arica y Tacna --
_tSe debe continuar avanzando hacia el norte --
_tDe Arica a Lima --
_tEl servicio durante la ocupación --
_tLos agentes del servicio secreto chileno.
650 7 _aGuerra del Pacífico, 1879-1884
650 7 _aEspionaje chileno
942 _2ddc
_cLIBRO
949 _ac
_bc
999 _c16336
_d16336